| 000 | 00687nam a22001937a 4500 | ||
|---|---|---|---|
| 005 | 20240806103545.0 | ||
| 008 | 221125b ||||| |||| 00| 0 eng d | ||
| 040 | _cAL | ||
| 041 | _aHindi | ||
| 082 |
_223 _aH891.4 _bSARB |
||
| 100 |
_a Satyananda Saraswati _9175284 |
||
| 100 |
_963836 _d सत्यानन्दा सरस्वती |
||
| 245 |
_aBhakti Yoga Sagar: Part 2 _b भक्ति योग सागर: भाग 2 |
||
| 260 |
_aBihar _bShivananda Mata _c1995 |
||
| 300 |
_a453 p. _bPB _c22x14 cm. |
||
| 650 |
_aPhilosophy _963837 |
||
| 700 |
_aSARASWATI (Satyananda) सरस्वती (सत्यानन्दा ) _963838 |
||
| 942 |
_2ddc _cGF |
||
| 999 |
_c225341 _d225341 |
||